Loading...
| Science - Physics | 0 | 6 | 0 | 2 | 60 | 64 | 96.67 | 0 | 2 |
| Science - Other Science | 0 | 4 | 0 | 2 | 40 | 79 | 104.75 | 0 | 2 |
| Mythology | 0 | 3 | 1 | 1 | 25 | 69 | 94.00 | 0 | 1 |
| Science - Chemistry | 0 | 2 | 0 | 0 | 20 | 114 | 117.00 | 0 | 1 |
| Fine Arts - Classical Music | 0 | 2 | 0 | 0 | 20 | 116 | 121.00 | 0 | 0 |
| Literature - British Literature | 0 | 2 | 1 | 0 | 15 | 142 | 143.00 | 0 | 0 |
| Social Science | 0 | 1 | 0 | 0 | 10 | 73 | 73.00 | 0 | 1 |
| Fine Arts - Other Fine Arts | 0 | 1 | 0 | 1 | 10 | 131 | 131.00 | 0 | 0 |
| History - Other History | 0 | 1 | 0 | 1 | 10 | 138 | 138.00 | 0 | 0 |
| Literature - European Literature | 0 | 1 | 0 | 0 | 10 | 131 | 131.00 | 0 | 1 |
| Philosophy | 0 | 1 | 0 | 0 | 10 | 118 | 118.00 | 0 | 1 |
| Science - Biology | 0 | 1 | 0 | 0 | 10 | 110 | 110.00 | 0 | 1 |
| Literature - World Literature | 0 | 0 | 0 | 0 | 0 | 0.00 | 0 | 0 | |
| Literature - American Literature | 0 | 0 | 0 | 0 | 0 | 0.00 | 0 | 0 | |
| Geography | 0 | 0 | 1 | 0 | -5 | 0.00 | 0 | 0 | |
| Fine Arts - Painting and Sculpture | 0 | 0 | 3 | 0 | -15 | 0.00 | 0 | 0 |